Report my signals. (Record no. 551876)

000 -LEADER
fixed length control field 00536cam a22001691 4500
082 ## - DEWEY DECIMAL CLASSIFICATION NUMBER
Classification number 940.5423
Author Mark JAM
-- L-30<p-51
100 2# - MAIN ENTRY--PERSONAL NAME
Personal name Brett-James, Antony,
9 (RLIN) 48992
245 10 - TITLE STATEMENT
Title Report my signals.
260 ## - PUBLICATION, DISTRIBUTION, ETC.
Place of publication, distribution, etc. London,
Name of publisher, distributor, etc. H. Locke
Date of publication, distribution, etc. [1948]
300 ## - PHYSICAL DESCRIPTION
Extent viii, 352 p.
Other physical details ports., maps.
Dimensions 23 cm.
500 ## - GENERAL NOTE
General note Includes index.
526 ## - STUDY PROGRAM INFORMATION NOTE
Program name 0
Interest level 0
Reading level 0
Title point value 940_542300000000000_JAM
650 #0 - SUBJECT ADDED ENTRY--TOPICAL TERM
Topical term or geographic name entry element MCE
9 (RLIN) 379
650 #0 - SUBJECT ADDED ENTRY--TOPICAL TERM
Topical term or geographic name entry element World War, 1939-1945
General subdivision Communications.
9 (RLIN) 49044
650 #0 - SUBJECT ADDED ENTRY--TOPICAL TERM
Topical term or geographic name entry element World War, 1939-1945
General subdivision Regimental histories
Geographic subdivision India.
9 (RLIN) 49045
942 ## - ADDED ENTRY ELEMENTS (KOHA)
Source of classification or shelving scheme
Koha item type Book
Holdings
Withdrawn status Lost status Source of classification or shelving scheme Damaged status Not for loan Permanent Location Current Location Date acquired Total Checkouts Full call number Barcode Date last seen Price effective from Koha item type
          Military College of Engineering (MCE) Military College of Engineering (MCE) 12/31/2014   940.5423 JAM MCE-40187 12/31/2014 12/31/2014 Book
© 2023 Central Library, National University of Sciences and Technology. All Rights Reserved.